000
00253nam a22001097a 4500
999
_c
533599
_d
533599
040
_c
dlc
082
_a
909.829
100
_a
Samuel P. Huntington
_9
27555
245
_a
The Clash of Civilizations and the remaking
300
_a
367p
942
_2
ddc
_c
BK